Ročenka Slovenskej národnej galérie v Bratislave. Galéria 2007-2008 /

Salvato in:
Dettagli Bibliografici
Altri autori: Büngerová, Vladimíra (Redattore), Kusá, Alexandra (Redattore)
Natura: Libro
Pubblicazione: Bratislava : Slovenská národná galéria, 2009
Soggetti:
Tags: Aggiungi Tag
Nessun Tag, puoi essere il primo ad aggiungerne!!

MARC

LEADER 00000nam a22000003a 4500
001 stu200017
005 20191204101228.7
008 100222s2009----------------------------d
020 |a 978-80-8059-141-0 
040 |a STU  |b slo 
100 1 |a Büngerová, Vladimíra  |4 edt 
245 |a Ročenka Slovenskej národnej galérie v Bratislave. Galéria 2007-2008 /  |c eds. Vladimíra Büngerová, Alexandra Kusá 
260 |a Bratislava :  |b Slovenská národná galéria,  |c 2009 
300 |a 268 s 
650 7 |a SNG  |2 stusub 
650 7 |a Dedeček, Vladímír o ňom  |2 stusub 
650 7 |a galéria  |2 stusub 
700 1 |a Kusá, Alexandra  |4 edt 
996 |b 284AU04446  |c A*6935  |l AAKNST  |s P  |a 0  |w stu200017_0001 
996 |b 284AU05798  |c A*8596 U  |l AAKNAR  |s A  |a 24  |w stu200017_0002